Code of practice for residential estate agents (Record no. 106007)

MARC details
000 -LEADER
fixed length control field 00940cam a2200205 4500
001 - CONTROL NUMBER
control field ##L135329
008 - FIXED-LENGTH DATA ELEMENTS--GENERAL INFORMATION
fixed length control field 061016n2006 000 0 eng u
035 ## - SYSTEM CONTROL NUMBER
System control number (Sirsi) u135329
041 0# - LANGUAGE CODE
Language code of text/sound track or separate title eng
050 04 - LIBRARY OF CONGRESS CALL NUMBER
Classification number 333.33 $2 18
110 2# - MAIN ENTRY--CORPORATE NAME
Corporate name or jurisdiction name as entry element Ombudsman for Estate Agents
9 (RLIN) 5058
245 00 - TITLE STATEMENT
Title Code of practice for residential estate agents
260 ## - PUBLICATION, DISTRIBUTION, ETC.
Place of publication, distribution, etc. Salisbury
Name of publisher, distributor, etc. OEA
Date of publication, distribution, etc. 2006
520 ## - SUMMARY, ETC.
Summary, etc. Effective from 1 October 2006, this code of practice is mandatory for all OEA members offering estate agency services. The code of practice has achieved the approval of the Office of Fair Trading under its Consumer Codes and Approval Scheme, the only such code for estate agents to have done so.
590 ## - LOCAL NOTE (RLIN)
Local note IKA171006 NTK
651 #4 - SUBJECT ADDED ENTRY--GEOGRAPHIC NAME
Geographic name United Kingdom
Chronological subdivision
690 ## - LOCAL SUBJECT ADDED ENTRY--TOPICAL TERM (OCLC, RLIN)
Topical term or geographic name as entry element PROPERTY-RESIDENTIAL PROPERTY-RESIDENTIAL PROPERTY AGENCY
856 40 - ELECTRONIC LOCATION AND ACCESS
Uniform Resource Identifier <a href="https://www.oea.co.uk/index.htm">https://www.oea.co.uk/index.htm</a>
Public note View the code of practice free of charge at www.oea.co.uk...
942 ## - ADDED ENTRY ELEMENTS (KOHA)
Suppress in OPAC 0
Holdings
Withdrawn status Lost status Source of classification or shelving scheme Damaged status Not for loan Home library Current library Shelving location Date acquired Total Checkouts Full call number Barcode Date last seen Copy number Price effective from Koha item type
    Dewey Decimal Classification     Virtual Virtual Online 16/10/2006   ONLINE PUBLICATION 135329-2001 06/08/2019 1 06/08/2019 Book